[Event "Challenge"]
[Site "http://www.queenalice.com/game.php?id=587417"]
[Date "2009.5.12"]
[Round "-"]
[White "MarcD"]
[Black "RationalKing"]
[Result "1-0"]
[WhiteElo "2157"]
[BlackElo "2024"]

1. d4 d5 2. Nf3 g6 3. Bf4 Bg7 4. e3 c5 5. c3 Nc6 6. Bd3 c4 7. Bc2 Bg4 8. h3 Bxf3
9. Qxf3 Nf6 10. Nd2 O-O 11. O-O Nh5 12. Bh2 e5 13. dxe5 Nxe5 14. Bxe5 Bxe5 15.
Rad1 Qa5 16. a3 Rad8 17. Rfe1 Qb6 18. Rb1 Qc5 19. Qe2 b5 20. Nf3 Bg7 21. Rbd1
Nf6 22. Rd2 a5 23. Red1 b4 24. axb4 axb4 25. Nd4 b3 26. Bb1 Rfe8 27. Qf3 Nd7 28.
h4 h5 29. Qg3 Ne5 30. Nf3 Ng4 31. Nd4 Be5 32. Qf3 Bf6 33. g3 Qd6 34. Ne2 Bxh4
35. Nf4 Bxg3 36. Qxg3 Kh8 37. Rxd5 1-0

[Event "Be0wulf"]
[Site "http://www.queenalice.com/game.php?id=590662"]
[Date "2009.5.19"]
[Round "2"]
[White "jotat"]
[Black "RationalKing"]
[Result "1-0"]
[WhiteElo "2277"]
[BlackElo "2037"]

1. e4 Nf6 2. e5 Nd5 3. c4 Nb6 4. d4 d6 5. f4 dxe5 6. fxe5 Nc6 7. Be3 Bf5 8. Nc3
e6 9. Nf3 Bb4 10. a3 Bxc3+ 11. bxc3 O-O 12. Be2 Na5 13. c5 Nd5 14. Bd2 Nc6 15.
O-O a6 16. Rf2 f6 17. c4 Nde7 18. exf6 Rxf6 19. Bc3 Rf8 20. Nh4 Be4 21. Rxf8+
Qxf8 22. Bg4 Bf5 23. Nxf5 Nxf5 24. Qd2 Rd8 25. Rf1 Ne5 26. Bh3 Qe8 27. Bxf5 exf5
28. Re1 Nf3+ 29. gxf3 Qg6+ 30. Kh1 Qh5 31. Qf4 c6 32. Re7 Qh3 33. Kg1 1-0

[Event "Challenge #1"]
[Site "http://www.queenalice.com/game.php?id=611480"]
[Date "2009.6.30"]
[Round "-"]
[White "Aylton"]
[Black "RationalKing"]
[Result "0-1"]
[WhiteElo "1927"]
[BlackElo "2037"]

1. d4 Nf6 2. Nf3 c5 3. e3 cxd4 4. exd4 d5 5. Be2 g6 6. O-O Bg7 7. h3 O-O 8. c3
Nc6 9. Be3 Qc7 10. Nbd2 e5 11. dxe5 Nxe5 12. Nxe5 Qxe5 13. Nf3 Qc7 14. Nd4 a6
15. Qb3 Re8 16. Bf3 Be6 17. Nxe6 fxe6 18. Rac1 b5 19. a4 Rab8 20. axb5 Rxb5 21.
Qc2 a5 22. Be2 Rbb8 23. Rb1 e5 24. f4 d4 25. fxe5 Qxe5 26. Bf4 Qc5 27. Kh1 Rbc8
28. c4 Nd5 29. Bc1 Nb4 30. Qd1 Qe5 31. Bf3 Rxc4 32. Qb3 Qe6 33. Bg4 Qc6 34. Bf3
Qc5 35. Bd2 Kh8 36. Ra1 Nc6 37. Bxc6 Qxc6 38. Bxa5 Rc2 39. Rg1 h5 40. Be1 Kh7
41. Qf7 Re3 0-1

[Event "Challenge #2"]
[Site "http://www.queenalice.com/game.php?id=611481"]
[Date "2009.6.30"]
[Round "-"]
[White "RationalKing"]
[Black "Aylton"]
[Result "1-0"]
[WhiteElo "2026"]
[BlackElo "1893"]

1. e4 c5 2. Nc3 e6 3. g3 Nc6 4. Bg2 d6 5. Nge2 Nf6 6. d4 cxd4 7. Nxd4 Bd7 8. O-O
a6 9. Bg5 h6 10. Bxf6 Qxf6 11. Nce2 e5 12. Nf3 g5 13. Qd2 Be7 14. Nc3 Be6 15.
Nd5 Bxd5 16. exd5 Nd8 17. c3 O-O 18. h4 g4 19. Ne1 h5 20. f3 Qg6 21. fxg4 hxg4
22. Nc2 f5 23. Rf2 f4 24. gxf4 Bxh4 25. Rff1 exf4 26. Rxf4 Bg5 27. Rxg4 Bxd2 28.
Rxg6+ Kf7 29. Be4 Ke7 30. Rd1 Bf4 31. Re1 Kd7 32. Nd4 Be5 33. Nf3 Bf4 34. Rg7+
Nf7 35. Bg6 1-0

[Event "AUTO-MASTER-845"]
[Site "http://www.queenalice.com/game.php?id=614713"]
[Date "2009.7.7"]
[Round "1"]
[White "jolomol"]
[Black "RationalKing"]
[Result "1-0"]
[WhiteElo "2009"]
[BlackElo "2013"]

1. e4 Nf6 2. e5 Nd5 3. c4 Nb6 4. d4 d6 5. f4 dxe5 6. fxe5 Nc6 7. Be3 Bf5 8. Nf3
e6 9. Be2 Bxb1 10. Rxb1 Bb4+ 11. Bd2 Be7 12. Be3 Bb4+ 13. Kf2 O-O 14. a3 Be7 15.
Qc2 f6 16. Rhd1 Qe8 17. Kg1 Rd8 18. Bd3 h6 19. Bh7+ Kh8 20. Bg6 Qd7 21. Qc1 Bxa3
22. bxa3 Na5 23. Bd3 Nc6 24. exf6 Rxf6 25. Ne5 1-0

[Event "AUTO-MASTER-845"]
[Site "http://www.queenalice.com/game.php?id=614714"]
[Date "2009.7.7"]
[Round "1"]
[White "RationalKing"]
[Black "jolomol"]
[Result "1-0"]
[WhiteElo "2008"]
[BlackElo "2012"]

1. e4 e5 2. Nc3 Nc6 3. f4 exf4 4. Nf3 g5 5. h4 g4 6. Ng5 f6 7. Qxg4 h5 8. Qxf4
fxg5 9. hxg5 Bd6 10. Qe3 Nb4 11. Bd3 Nxd3+ 12. cxd3 h4 13. O-O Bg3 14. Qd4 Rh7
15. g6 Qe7 16. gxh7 Qxh7 17. b3 d6 18. Qe3 b6 19. e5 Kd7 20. e6+ Kd8 21. Qf3 1-0

[Event "AUTO-MASTER-845"]
[Site "http://www.queenalice.com/game.php?id=614725"]
[Date "2009.7.7"]
[Round "1"]
[White "fosdunc"]
[Black "RationalKing"]
[Result "1-0"]
[WhiteElo "2272"]
[BlackElo "2031"]

1. e4 Nc6 2. Nf3 d5 3. exd5 Qxd5 4. Nc3 Qd8 5. Bb5 Bg4 6. h3 Bxf3 7. Qxf3 Qd7 8.
O-O Nf6 9. Re1 O-O-O 10. d3 e6 11. a3 a6 12. Ba4 h6 13. b4 Nd5 14. Nxd5 exd5 15.
Bb2 f6 16. c4 Qd6 17. c5 Qd7 18. Re2 Kb8 19. Rae1 Ne5 20. Bxd7 Nxf3+ 21. gxf3
Rxd7 22. Re8+ Ka7 23. Rc8 1-0

[Event "AUTO-MASTER-845"]
[Site "http://www.queenalice.com/game.php?id=614726"]
[Date "2009.7.7"]
[Round "1"]
[White "RationalKing"]
[Black "fosdunc"]
[Result "1/2-1/2"]
[WhiteElo "2005"]
[BlackElo "2328"]

1. e4 e6 2. d4 b6 3. Bd3 Bb7 4. Nf3 h6 5. c4 g6 6. O-O Bg7 7. Nc3 Ne7 8. d5 O-O
9. Qc2 Na6 10. a3 Nc5 11. Be2 f5 12. e5 exd5 13. Rd1 c6 14. b4 Ne6 15. Bb2 Rc8
16. Qb3 g5 17. cxd5 Nxd5 18. Bc4 g4 19. Nd4 Qc7 20. Nxd5 cxd5 21. Bxd5 Bxd5 22.
Qxd5 Qxe5 23. Qxd7 Rfd8 24. Nxe6 Rxd7 25. Bxe5 Rxd1+ 26. Rxd1 Bxe5 27. Rd8+ Rxd8
28. Nxd8 a6 29. a4 Bd6 30. b5 1/2-1/2

[Event "AUTO-MASTER-845"]
[Site "http://www.queenalice.com/game.php?id=614731"]
[Date "2009.7.7"]
[Round "1"]
[White "black13"]
[Black "RationalKing"]
[Result "1-0"]
[WhiteElo "1928"]
[BlackElo "1960"]

1. e4 g6 2. d4 Bg7 3. c3 d6 4. Nf3 Bg4 5. Be2 Nf6 6. Nbd2 O-O 7. h3 Bxf3 8. Bxf3
c6 9. O-O Nbd7 10. Re1 e6 11. e5 dxe5 12. dxe5 Nd5 13. Nc4 1-0

[Event "AUTO-MASTER-845"]
[Site "http://www.queenalice.com/game.php?id=614732"]
[Date "2009.7.7"]
[Round "1"]
[White "RationalKing"]
[Black "black13"]
[Result "0-1"]
[WhiteElo "1979"]
[BlackElo "1909"]

1. e4 e5 2. Nc3 f5 3. d4 exd4 4. Qxd4 Nc6 5. Qa4 Bb4 6. Bd2 d6 7. O-O-O Bd7 8.
Bb5 Bxc3 9. Bxc3 Nf6 10. Qb3 fxe4 11. f3 e3 12. Bxf6 Qxf6 0-1

[Event "Challenge #3"]
[Site "http://www.queenalice.com/game.php?id=620374"]
[Date "2009.7.17"]
[Round "-"]
[White "Aylton"]
[Black "RationalKing"]
[Result "1/2-1/2"]
[WhiteElo "1928"]
[BlackElo "2006"]

1. d4 g6 2. Nf3 Bg7 3. c4 Nf6 4. e3 d6 5. Nc3 O-O 6. h3 c5 7. Be2 e6 8. O-O Nc6
9. a3 a6 10. b3 b6 11. Bb2 Bb7 12. Rc1 Qc7 13. Qc2 Rac8 14. dxc5 dxc5 15. Rfd1
Rcd8 16. Rxd8 Rxd8 17. Rd1 Ne7 18. Rxd8+ Qxd8 19. Qd2 Qxd2 20. Nxd2 Nc8 21. f3
h5 22. Kf2 Kh7 23. g4 hxg4 24. hxg4 Nd6 25. Na4 Nd7 26. Bxg7 Kxg7 27. b4 cxb4
28. axb4 f5 29. gxf5 gxf5 30. c5 bxc5 31. bxc5 Nb5 32. Nc4 Bc6 33. Na5 Nb8 34.
Nb6 Kf6 35. Ke1 Ke7 36. Kd2 Kd8 37. Nxc6+ Nxc6 38. Bc4 e5 39. Bxb5 axb5 40. Kc3
1/2-1/2

[Event "Challenge #4"]
[Site "http://www.queenalice.com/game.php?id=620376"]
[Date "2009.7.17"]
[Round "-"]
[White "RationalKing"]
[Black "Aylton"]
[Result "0-1"]
[WhiteElo "2025"]
[BlackElo "1956"]

1. e4 e6 2. d4 d5 3. exd5 exd5 4. Nf3 Nf6 5. Bd3 Be7 6. O-O O-O 7. Be3 h6 8.
Nbd2 c6 9. c3 Nbd7 10. Qc2 b6 11. h3 Bb7 12. g4 Qc7 13. g5 hxg5 14. Nxg5 c5 15.
Bh7+ Kh8 16. Bf5 cxd4 17. Bxd4 Qf4 18. Ndf3 g6 19. Bxd7 Kg8 20. Nxf7 Kxf7 21.
Ne5+ Kg7 22. Qxg6+ Kh8 23. Be6 Bc8 24. Be3 Qxe5 25. Qh6+ Nh7 26. Bd4 Qxd4 27.
cxd4 Rf6 28. Qd2 Bxe6 29. Rfe1 Rg8+ 30. Kh1 Bd6 31. Qe3 Rgg6 32. Rac1 Bf4 0-1

[Event "Challenge #05"]
[Site "http://www.queenalice.com/game.php?id=658331"]
[Date "2009.9.26"]
[Round "-"]
[White "Aylton"]
[Black "RationalKing"]
[Result "0-1"]
[WhiteElo "1885"]
[BlackElo "1996"]

1. f4 e5 2. fxe5 d6 3. Nf3 Bg4 4. e4 dxe5 5. Be2 Nc6 6. Nc3 Bc5 7. d3 Bxf3 8.
Bxf3 Qd4 9. Rf1 O-O-O 10. Ne2 Qd7 11. a3 Kb8 12. b4 Bb6 13. Bb2 f6 14. Qd2 Qe6
15. O-O-O Nge7 16. Kb1 Rd6 17. c4 Bd4 18. Nxd4 Nxd4 19. Bxd4 Rxd4 20. Qc2 Rhd8
21. h3 Ng6 22. Bg4 Qa6 23. Kb2 Nf4 24. Rf3 h5 25. Bf5 g6 26. Rxf4 exf4 27. Bxg6
h4 28. Bh5 Qe6 29. Bf3 Qe5 30. Kb3 b5 31. c5 c6 32. Be2 f5 33. exf5 Qxf5 34. Bf1
Qe6+ 35. Kb2 Qe5 36. Kb3 Qd5+ 37. Kb2 Rc4 38. dxc4 Qxd1 39. Be2 Qd4+ 40. Kb1
Qg1+ 41. Kb2 Qxg2 42. cxb5 f3 43. Bd3 Rxd3 0-1

[Event "Challenge #06"]
[Site "http://www.queenalice.com/game.php?id=658333"]
[Date "2009.9.26"]
[Round "-"]
[White "RationalKing"]
[Black "Aylton"]
[Result "0-1"]
[WhiteElo "2018"]
[BlackElo "1864"]

1. e4 e6 2. d4 d5 3. exd5 exd5 4. Nf3 Nf6 5. Bd3 Be7 6. Bg5 h6 7. Bxf6 Bxf6 8.
O-O O-O 9. Nbd2 c6 10. c3 Nd7 11. Re1 b6 12. b4 Bb7 13. Qc2 Rc8 14. Bf5 g6 15.
Bxg6 fxg6 16. Qxg6+ Bg7 17. Ne5 Nxe5 18. dxe5 Qg5 19. Qe6+ Kh7 20. Re3 Rce8 21.
Qd7 Re7 22. Qd6 Bxe5 23. Qxe7+ Qxe7 24. Rae1 Re8 25. Nf3 Bd6 26. Rxe7+ Rxe7 27.
Rd1 Re2 28. a3 Rc2 29. g3 Rxc3 0-1